Le plan de la C. G. T

Đã lưu trong:
書目詳細資料
主要作者: Veillard, Raymond
格式: 圖書
語言:Undetermined
出版: Annecy Imprimerie L. Dépollier & cie 1938
主題:
標簽: 添加標簽
沒有標簽, 成為第一個標記此記錄!
Thư viện lưu trữ: Trung tâm Học liệu Trường Đại học Cần Thơ
LEADER 00486nam a2200181Ia 4500
001 CTU_82085
008 210402s9999 xx 000 0 und d
082 |a 338.9 
082 |b V427 
100 |a Veillard, Raymond 
245 0 |a Le plan de la C. G. T 
245 0 |c Raymond Veillard 
260 |a Annecy 
260 |b Imprimerie L. Dépollier & cie 
260 |c 1938 
650 |a Economic policy 
904 |i Trọng Hải 
980 |a Trung tâm Học liệu Trường Đại học Cần Thơ